Dr. A.P.J. Abdul Kalam/ (Record no. 210316)

MARC details
000 -LEADER
fixed length control field 00588nam a22002177a 4500
005 - DATE AND TIME OF LATEST TRANSACTION
control field 20250317125556.0
010 ## - LCCN (DPL NO)
LC control number ENG-144087
020 ## - INTERNATIONAL STANDARD BOOK NUMBER
Terms of availability 260.00
035 ## - SYSTEM CONTROL NUMBER
System control number EN-127619
037 ## - SOURCE OF ACQUISITION
Source of stock number/acquisition DBAD
082 ## - DEWEY DECIMAL CLASSIFICATION NUMBER
Classification number 921
100 ## - MAIN ENTRY--PERSONAL NAME
Personal name Udhoji, Sharvari
245 ## - TITLE STATEMENT
Title Dr. A.P.J. Abdul Kalam/
Statement of responsibility, etc Sharvari Udhoji
250 ## - EDITION STATEMENT
Edition statement 1
260 ## - PUBLICATION, DISTRIBUTION, ETC. (IMPRINT)
Place of publication, distribution, etc Nagpur
Name of publisher, distributor, etc Lakhe Prakashan
Date of publication, distribution, etc 2023
270 ## - ADDRESS
Address Mukundraj Path, Mahal
City Nagpur
Postal code 440032
Telephone number 9423616891
300 ## - PHYSICAL DESCRIPTION
Extent 128p.
Dimensions 22cm(pb)
700 ## - ADDED ENTRY--PERSONAL NAME
Personal name Limaye, Smita
Relator term Translator
9 (RLIN) 79657
760 ## - MAIN SERIES ENTRY
Edition 1
942 ## - ADDED ENTRY ELEMENTS (KOHA)
Source of classification or shelving scheme Dewey Decimal Classification
Item type English Books
Classification part 921
Call number suffix UDH
Edition 1
Holdings
Withdrawn status Lost status Not for loan Collection code Home library Current library Date acquired Source of acquisition Cost, normal purchase price Full call number Barcode Copy number Cost, replacement price Koha item type
      Non-fiction Janak Puri Janak Puri 17/03/2025 DBAD 200.00 921 UDH EN-127619 1 200.00 English Books

© Delhi Public Library
Hit Counter
free hit counter